000 01200cam a2200265 4500
001 he 68003929
003 DLC
005 20260227111507.0
008 900614s1965 is 100 0 eng
010 _ahe 68003929 //r96
025 _aPL480:Is-2108
040 _aDLC
_cDLC
_dDLC
050 0 0 _aBM30
_b.W6 1965a
111 2 _aWorld Congress of Jewish Studies
_n(4th :
_d1965 :
_cJerusalem)
240 1 0 _aTaḳtsire ha-hartsaʼot.
_lEnglish
245 1 0 _aAbstracts of papers.
260 1 _aJerusalem,
_c1965.
300 _a10 pts.
_c27 cm.
500 _aHeld at the Hebrew University, Jerusalem, July-Aug. 1965.
500 _aIssued also under title: (romanized: Taḳtsire ha-hartsaʼot)
505 0 _a[1] Ancient Jewish history.--[2] Archaeology and Dead Sea scrolls.--[3] Bible studies.--[4] Contemporary Jewry.--[5] Hebrew poetry and literature.--[6] Hebrew language.--[7] Jewish folklore and folk literature, Jewish art.--[8] Jewish thought (religion, philosophy and Kabbala).--[9] Medieval and modern Jewish history.--[10] Talmud and rabbinics, Jewish law.
650 0 _aJews
_xHistory
_xCongresses.
650 0 _aJudaism
_xHistory
_xCongresses.
710 1 0 _aJerusalem.
_bHebrew University.
999 _c34022
_d34022